000 00727nam a2200289Ia 4500
005 20260324123636.0
008 008 260324s9999 xx 000 0 eng d
020 _a9780203857472
037 _aEBOOK
040 _aCRL
040 _beng
040 _cCRL
041 _2eng
041 _aeng
084 _qCRL
100 _aFrances La Barre; Ruella Frank
_91171088
245 4 _aThe First Year and the Rest of Your Life
245 0 _bMovement, Development, and Psychotherapeutic Change
260 _bTaylor and Francis
260 _c2011
365 _a
365 _b195
856 _uhttp://www.taylorfrancis.com/books/9780203857472
942 _cEBOOK
999 _c1764789
_d1764789